[Event "RUS-ch blitz"]
[Site "Sochi"]
[Date "2017.10.02"]
[Round "2"]
[White "Potrekeev, Pavel"]
[Black "Rakhmanov, Alexander"]
[Result "0-1"]
[WhiteElo "2220"]
[BlackElo "2669"]
[PlyCount "55"]
[EventDate "2017.10.02"]
[EventType "swiss (blitz)"]
[EventRounds "20"]
[EventCountry "RUS"]
[SourceTitle "EXT 2018"]
[Source "ChessBase"]
[SourceDate "2017.10.13"]
[SourceVersion "1"]
[SourceVersionDate "2017.10.13"]
[SourceQuality "1"]

1. Nf3 Nf6 2. c4 d6 3. Nc3 e5 4. e4 Nc6 5. d4 Bg4 6. d5 Nd4 7. Be2 Bxf3 8. Bxf3 g6 9. Be3 Bg7 10. Bxd4 exd4 11. Qxd4 0-0 12. 0-0 Re8 13. Qd2 Nd7 14. Rfe1 a5 15. Rac1 Nc5 16. g3 Qf6 17. Bg2 a4 18. Nb5 Re7 19. Rb1 c6 20. dxc6 bxc6 21. e5 dxe5 22. Nc3 Rd7 23. Qe3 Rd4 24. b4 axb3 25. axb3 Rad8 26. Ne4 Qe7 27. Nxc5 Qxc5 28. Rec1 0-1

[Event "Gelendzhik op 14th"]
[Site "Gelendzhik"]
[Date "2017.06.02"]
[Round "6"]
[White "Skripko, Viktor"]
[Black "Potrekeev, Pavel"]
[Result "0-1"]
[WhiteElo "1552"]
[BlackElo "2203"]
[PlyCount "74"]
[EventDate "2017.05.28"]
[EventType "swiss"]
[EventRounds "9"]
[EventCountry "RUS"]
[SourceTitle "EXT 2018"]
[Source "ChessBase"]
[SourceDate "2017.10.13"]
[SourceVersion "1"]
[SourceVersionDate "2017.10.13"]
[SourceQuality "1"]

1. e4 c6 2. d4 d5 3. exd5 cxd5 4. Nc3 Nf6 5. Bg5 Nc6 6. g3 Bg4 7. f3 Bf5 8. Nge2 e6 9. g4 Bg6 10. Nf4 Qb6 11. Bxf6 gxf6 12. Nxg6 hxg6 13. Ne2 Qxb2 14. c3 Qb6 15. Rb1 Qc7 16. Qb3 Rb8 17. Nc1 Rxh2 18. Rxh2 Qxh2 19. Bb5 Bd6 20. Qa4 Qg1+ 21. Kd2 Bf4+ 22. Kc2 Qf2+ 23. Ne2 Kf8 24. Qa3+ Kg7 25. Bd3 Rc8 26. Qa4 e5 27. dxe5 fxe5 28. Kb2 Qxf3 29. Nxf4 exf4 30. Bb5 Rh8 31. Bxc6 Rh2+ 32. Kb3 bxc6 33. Qd4+ Kf8 34. Ka3 Qe3 35. Rb8+ Ke7 36. Rb7+ Ke6 37. Qb4 Qc1+ 0-1

[Event "Gelendzhik op 14th"]
[Site "Gelendzhik"]
[Date "2017.05.30"]
[Round "3"]
[White "Potrekeev, Pavel"]
[Black "Tereshechkina, Taisiya"]
[Result "1-0"]
[WhiteElo "2203"]
[BlackElo "1733"]
[PlyCount "73"]
[EventDate "2017.05.28"]
[EventType "swiss"]
[EventRounds "9"]
[EventCountry "RUS"]
[SourceTitle "EXT 2018"]
[Source "ChessBase"]
[SourceDate "2017.10.13"]
[SourceVersion "1"]
[SourceVersionDate "2017.10.13"]
[SourceQuality "1"]

1. d4 d5 2. c4 e6 3. Nc3 Nf6 4. cxd5 exd5 5. Bg5 Nbd7 6. e3 Be7 7. Bd3 c6 8. Qc2 Nf8 9. Nf3 Ne6 10. Bh4 g6 11. h3 Ng7 12. g4 Be6 13. Ne5 Qc7 14. Bg3 Bd6 15. f4 Qe7 16. Bh4 Rg8 17. e4 dxe4 18. Nxe4 Bxe5 19. fxe5 Qb4+ 20. Qc3 Qxc3+ 21. Nxc3 Nd5 22. Ne4 Kd7 23. 0-0 h6 24. Nc5+ Kc8 25. Nxe6 Nxe6 26. Rxf7 Nef4 27. Bc4 g5 28. Kh2 Rb8 29. Bg3 Kd8 30. Bxf4 gxf4 31. Bxd5 cxd5 32. Rc1 f3 33. Kg3 h5 34. Kxf3 hxg4+ 35. hxg4 Rc8 36. Rxc8+ Kxc8 37. Kf4 1-0

[Event "Gelendzhik op 14th"]
[Site "Gelendzhik"]
[Date "2017.05.29"]
[Round "2"]
[White "Ivanov, Artem1111"]
[Black "Potrekeev, Pavel"]
[Result "1/2-1/2"]
[WhiteElo "1832"]
[BlackElo "2203"]
[PlyCount "120"]
[EventDate "2017.05.28"]
[EventType "swiss"]
[EventRounds "9"]
[EventCountry "RUS"]
[SourceTitle "EXT 2018"]
[Source "ChessBase"]
[SourceDate "2017.10.13"]
[SourceVersion "1"]
[SourceVersionDate "2017.10.13"]
[SourceQuality "1"]

1. e4 c5 2. Nf3 d6 3. d4 cxd4 4. Nxd4 Nf6 5. Nc3 a6 6. Be2 e5 7. Nb3 Be7 8. Be3 Be6 9. f3 0-0 10. Qd2 Nbd7 11. 0-0-0 b5 12. g4 b4 13. Nd5 Bxd5 14. exd5 Nb6 15. Bxb6 Qxb6 16. Bd3 a5 17. Qe2 a4 18. Nd2 a3 19. b3 Rac8 20. Nc4 Qc5 21. h4 Nxd5 22. Bxh7+ Kh8 23. Rxd5 Qxd5 24. Rd1 Qc5 25. Be4 Rcd8 26. Bd5 f5 27. f4 fxg4 28. Qxg4 Rf6 29. Rg1 Bf8 30. Rd1 Qf2 31. fxe5 dxe5 32. Qh5+ Rh6 33. Qxe5 Bc5 34. Qg5 Re8 35. Bf7 Be3+ 36. Nxe3 Qxe3+ 37. Qxe3 Rxe3 38. Rd4 Rf6 39. Kd2 Rg3 40. Bc4 Rg1 41. Bd3 g6 42. Rxb4 Ra1 43. Kc3 Rxa2 44. Ra4 Rc6+ 45. Bc4 Ra1 46. Ra7 Rc5 47. Kb4 Rh5 48. Rxa3 Rxa3 49. Kxa3 Kg7 50. b4 Rxh4 51. Bd5 Kf6 52. c4 Ke5 53. b5 Kd6 54. Kb4 Rh2 55. Be4 Rb2+ 56. Kc3 Rh2 57. Bxg6 Kc5 58. Bf7 Rh3+ 59. Kd2 Rh6 60. Ke3 Rb6 1/2-1/2

[Event "Krasnodar Region-ch"]
[Site "Krasnodar"]
[Date "2012.10.08"]
[Round "7"]
[White "Oganian, Miran1111"]
[Black "Potrekeev, Pavel"]
[Result "1-0"]
[WhiteElo "2281"]
[BlackElo "2183"]
[PlyCount "69"]
[EventDate "2012.10.02"]
[EventType "swiss"]
[EventRounds "9"]
[EventCountry "RUS"]
[SourceTitle "EXT 2013"]
[Source "ChessBase"]
[SourceDate "2012.11.22"]
[SourceVersion "1"]
[SourceVersionDate "2012.11.22"]
[SourceQuality "1"]

1. d4 Nf6 2. c4 e6 3. Nf3 b6 4. a3 Bb7 5. Nc3 d5 6. cxd5 Nxd5 7. Qc2 Nxc3 8. bxc3 Be7 9. e4 0-0 10. Bd3 c5 11. Bb2 Qc7 12. Qe2 Nc6 13. 0-0 Rad8 14. Rad1 Na5 15. Nd2 Rc8 16. f4 c4 17. Bc2 f5 18. Nf3 Rce8 19. Ne5 Bd6 20. a4 a6 21. Ra1 Bxe5 22. fxe5 fxe4 23. Ba3 Rxf1+ 24. Rxf1 Nb3 25. Bd6 Qd7 26. Qf2 h6 27. Bd1 Nc1 28. Bh5 Nd3 29. Qf7+ Qxf7 30. Bxf7+ Kh7 31. Bxe8 e3 32. Bh5 Bc6 33. a5 b5 34. Ba3 g5 35. g3 1-0

[Event "Krasnodar Region-ch"]
[Site "Krasnodar"]
[Date "2012.10.06"]
[Round "5"]
[White "Gochelashvili, David"]
[Black "Potrekeev, Pavel"]
[Result "1-0"]
[WhiteElo "2413"]
[BlackElo "2183"]
[PlyCount "45"]
[EventDate "2012.10.02"]
[EventType "swiss"]
[EventRounds "9"]
[EventCountry "RUS"]
[SourceTitle "EXT 2013"]
[Source "ChessBase"]
[SourceDate "2012.11.22"]
[SourceVersion "1"]
[SourceVersionDate "2012.11.22"]
[SourceQuality "1"]

1. e4 c5 2. Nf3 d6 3. d4 cxd4 4. Nxd4 Nf6 5. Nc3 a6 6. Bg5 e6 7. f4 Be7 8. Qf3 Qc7 9. 0-0-0 Nbd7 10. Be2 h6 11. Bh4 g5 12. fxg5 Ne5 13. Qe3 Nh7 14. Nf3 hxg5 15. Nxg5 Qd8 16. Nxh7 Bxh4 17. Qh6 Ng6 18. Qg7 Ke7 19. g3 Rxh7 20. Qxh7 Bf6 21. Rhf1 Qa5 22. Rxf6 Kxf6 23. Rf1+ 1-0

[Event "Krasnodar Region-ch"]
[Site "Krasnodar"]
[Date "2011.10.18"]
[Round "5"]
[White "Kupin, Ivan"]
[Black "Potrekeev, Pavel"]
[Result "0-1"]
[WhiteElo "1726"]
[BlackElo "2161"]
[PlyCount "130"]
[EventDate "2011.10.14"]
[EventType "swiss"]
[EventRounds "9"]
[EventCountry "RUS"]
[SourceTitle "EXT 2022"]
[Source "ChessBase"]
[SourceDate "2021.10.06"]
[SourceVersion "1"]
[SourceVersionDate "2021.10.06"]
[SourceQuality "1"]

1. e4 c5 2. c3 Nf6 3. e5 Nd5 4. d4 cxd4 5. cxd4 d6 6. Bc4 Nb6 7. Bb5+ Bd7 8. Bxd7+ Qxd7 9. Nf3 e6 10. 0-0 Be7 11. Nc3 Nc6 12. Bf4 Rd8 13. d5 Nxe5 14. Nxe5 dxe5 15. Bxe5 Nxd5 16. Bxg7 Rg8 17. Be5 Qc6 18. Qf3 Rd7 19. Rac1 Nxc3 20. Rxc3 Qxf3 21. Rxf3 Rg5 22. Bc3 b5 23. Rf4 Rgd5 24. g3 h5 25. Kg2 Rb7 26. a3 Rc7 27. Rd4 Rxd4 28. Bxd4 a6 29. Kf3 Rc4 30. Rd1 f6 31. Be3 e5 32. Rc1 Rxc1 33. Bxc1 Kf7 34. Ke4 Ke6 35. f3 f5+ 36. Kd3 Kd5 37. Be3 a5 38. h3 Bf6 39. b3 a4 40. b4 e4+ 41. fxe4+ fxe4+ 42. Kc2 Ke6 43. g4 hxg4 44. hxg4 Kf7 45. Kd1 Kg6 46. Bc1 Bg5 47. Bb2 Bf4 48. Ke2 Kg5 49. Bd4 Kxg4 50. Bb2 Bg5 51. Kf2 Kf5 52. Kg3 Bf4+ 53. Kh3 Bd2 54. Kg2 Ke6 55. Kf1 Kd5 56. Ke2 Bf4 57. Kd1 Kc4 58. Kc2 e3 59. Bc3 Bg3 60. Bf6 e2 61. Bc3 e1Q 62. Bxe1 Bxe1 63. Kb2 Kd3 64. Kb1 Kc3 65. Ka2 Kc2 0-1

[Event "Krasnodar Region-ch"]
[Site "Slaviansk na Kubani"]
[Date "2009.10.17"]
[Round "7"]
[White "Bezulenko, Evgeny"]
[Black "Potrekeev, Pavel"]
[Result "1/2-1/2"]
[WhiteElo "1901"]
[BlackElo "2152"]
[PlyCount "120"]
[EventDate "2009.10.17"]
[EventType "swiss"]
[EventRounds "9"]
[EventCountry "RUS"]
[SourceTitle "EXT 2013"]
[Source "ChessBase"]
[SourceDate "2012.11.22"]
[SourceVersion "1"]
[SourceVersionDate "2012.11.22"]
[SourceQuality "1"]

1. f3 e5 2. e4 Bc5 3. Ne2 Nf6 4. d4 exd4 5. Bg5 Nc6 6. Nd2 0-0 7. a3 d5 8. Nb3 Bb6 9. exd5 Qxd5 10. Bxf6 gxf6 11. Qd2 Bf5 12. 0-0-0 Rad8 13. Nf4 Qd6 14. g4 Bg6 15. Nh5 Bxh5 16. gxh5 Qe5 17. Rg1+ Kh8 18. Re1 Qxh5 19. Qf4 Rd6 20. Nd2 Ne5 21. Rg3 Ng6 22. Qg4 Qxg4 23. Rxg4 f5 24. Rg5 Re6 25. Rxe6 fxe6 26. Bc4 Kg7 27. b4 Kf6 28. Rh5 Rf7 29. a4 a6 30. Nb3 Re7 31. Kd2 e5 32. Bg8 Rg7 33. Bxh7 Nf4 34. Rxf5+ Ke6 35. Rxf4 exf4 36. Be4 c6 37. h4 Rg2+ 38. Kd3 Rh2 39. Nxd4+ Bxd4 40. Kxd4 Rxh4 41. Kc5 Kd7 42. Kb6 Kc8 43. b5 cxb5 44. Bxb7+ Kb8 45. axb5 a5 46. Bd5 a4 47. Ka5 a3 48. Kb4 Rh2 49. Kxa3 Rxc2 50. Kb4 Kc7 51. Bc6 Kb6 52. Kb3 Rc1 53. Kb2 Rd1 54. Kc2 Rd8 55. Kc3 Kc5 56. Kc2 Rd4 57. Kc3 Rd1 58. Kc2 Rd6 59. Kc3 Re6 60. Kd3 Re3+ 1/2-1/2